000 00288nam a22001337a 4500
008 170309b xxu||||| |||| 00| 0 eng d
020 _a0721630871
041 _aeng
080 _28 ED
_a611
100 _a6
101 _aSHM
245 _aMEDICAL PHYSIOLOGY
_cGUYTON.C.A
942 _2udc
_cBK
999 _c7268
_d7268